| 000 | 00584nam a2200193Ia 4500 | ||
|---|---|---|---|
| 003 | OSt | ||
| 005 | 20200729112521.0 | ||
| 008 | 190216s9999||||xx |||||||||||||| ||und|| | ||
| 020 | _a9780070085381 | ||
| 040 | _coclc | ||
| 082 |
_a515.9 _bSPI/C |
||
| 100 |
_aSpiegel, Murray R _9762 |
||
| 245 | 0 |
_aComplex Variables / _cMurray R Spiegel ; Seymour Lipschutz ; John J Schiller ; Dennis Spellman |
|
| 250 | _a2nd Ed. | ||
| 260 |
_bMcgraw -hill, _c2010. _aNew Delhi: |
||
| 300 | _a414p | ||
| 650 | _aMathematics | ||
| 942 |
_cBK _2ddc _h515.9 _iSPI/C _k515.9 _mSPI/C |
||
| 999 |
_c32346 _d32346 |
||